| 000 | 00366nam a2200133 a 4500 | ||
|---|---|---|---|
| 001 | 000031006 | ||
| 005 | 20200930062638.0 | ||
| 008 | 110609s2008 dr 000 0 spa d | ||
| 040 |
_aDO-SdBNP _bspa _cBNPHU |
||
| 245 | 0 | 0 | _aCatecismo del pueblo de Dios. |
| 260 |
_aSanto Domingo : _bMSC, _c2008. _fEditora Amigo del Hogar |
||
| 300 |
_a108 p. ; _c21 cm. |
||
| 049 | _aBNPD | ||
| 999 |
_c30498 _d30498 |
||